000 02088nam a2200421 a 4500
001 ebr10454967
003 CaPaEBR
006 m u
007 cr cn|||||||||
008 101025s2011 dcuab sb 000 0 eng d
010 _z 2010939990
020 _z9780309152495 (pbk.)
020 _z0309152496 (pbk.)
020 _z9780309137539 (Book)
020 _z0309137535 (Book)
020 _z0309137543 (PDF)
020 _z9780309137546 (PDF)
040 _aCaPaEBR
_cCaPaEBR
035 _a(OCoLC)713088731
043 _an-us---
050 1 4 _aGC220.3
_b.N38 2011eb
110 2 _aNational Research Council (U.S.)
245 1 0 _aTsunami warning and preparedness
_h[electronic resource] :
_ban assessment of the U.S. Tsunami Program and the nation's preparedness efforts /
_cNational Research Council of the National Academies.
260 _aWashington, D.C. :
_bNational Academies Press,
_c2011.
300 _axi, 284 p. :
_bill. (chiefly col.), maps (chiefly col.)
500 _a"Committee on the Review of the Tsunami Warning and Forecast system and Overview of the Nation's Tsunami Preparedness, Ocean Studies Board, Division on Earth and Life Sciences."
504 _aIncludes bibliographical references.
533 _aElectronic reproduction.
_bPalo Alto, Calif. :
_cebrary,
_d2011.
_nAvailable via World Wide Web.
_nAccess may be limited to ebrary affiliated libraries.
650 0 _aTsunami Warning System
_zUnited States.
650 0 _aEmergency management
_zUnited States.
650 0 _aTsunamis
_zUnited States
_xForecasting.
655 7 _aElectronic books.
_2local
710 2 _aNational Research Council (U.S.).
_bOcean Studies Board.
710 2 _aNational Research Council (U.S.).
_bDivision on Earth and Life Studies.
710 2 _aNational Research Council (U.S.).
_bCommittee on the Review of the Tsunami Warning and Forecast System and Overview of the Nation's Tsunami Preparedness.
710 2 _aebrary, Inc.
856 4 0 _uhttp://site.ebrary.com/lib/rucke/Doc?id=10454967
_zAn electronic book accessible through the World Wide Web; click to view
999 _c124312
_d124312